Buried in ice / (Record no. 683)

MARC details
000 -LEADER
fixed length control field 00979nam a22002897a 4500
005 - DATE AND TIME OF LATEST TRANSACTION
control field 20240217082545.0
020 ## - INTERNATIONAL STANDARD BOOK NUMBER
International Standard Book Number 0590438484 (hc) :
Terms of availability $15.95
020 ## - INTERNATIONAL STANDARD BOOK NUMBER
International Standard Book Number 9780590438490
040 ## - CATALOGING SOURCE
Original cataloging agency DLC
Transcribing agency DLC
Modifying agency DLC
-- FISKH
Language of cataloging eng
050 00 - LIBRARY OF CONGRESS CALL NUMBER
Classification number G670 1981 .F73
Item number B42 1992
082 00 - DEWEY DECIMAL CLASSIFICATION NUMBER
Classification number 919.804
Edition number 20
100 1# - MAIN ENTRY--PERSONAL NAME
Personal name Beattie, Owen.
245 10 - TITLE STATEMENT
Title Buried in ice /
Statement of responsibility, etc. by Owen Beattie and John Geiger with Shelley Tanaka.
260 ## - PUBLICATION, DISTRIBUTION, ETC.
Place of publication, distribution, etc. New York :
Name of publisher, distributor, etc. Scholastic/Madison Press Book,
Date of publication, distribution, etc. 1992.
300 ## - PHYSICAL DESCRIPTION
Extent 64 pages :
Other physical details color illustrations ;
Dimensions 29 cm.
500 ## - GENERAL NOTE
General note "Scholastic hardcover"--T.p. verso.
505 ## - FORMATTED CONTENTS NOTE
Formatted contents note U
520 ## - SUMMARY, ETC.
Summary, etc. Probes the tragic and mysterious fate of Sir John Franklin's failed expedition to find the Northwest Passage in 1845.
521 ## - TARGET AUDIENCE NOTE
Target audience note 1010 <br/>
Source Lexile
521 ## - TARGET AUDIENCE NOTE
Target audience note U <br/>
Source Raz-Plus
650 #1 - SUBJECT ADDED ENTRY--TOPICAL TERM
Topical term or geographic name entry element Voyages and travels.
700 1# - ADDED ENTRY--PERSONAL NAME
Personal name Geiger, John,
Dates associated with a name 1960-
700 1# - ADDED ENTRY--PERSONAL NAME
Personal name Tanaka, Shelley.
906 ## - LOCAL DATA ELEMENT F, LDF (RLIN)
a 7
b cbc
c orignew
d 1
e ocip
f 19
g y-gencatlg
942 ## - ADDED ENTRY ELEMENTS (KOHA)
Source of classification or shelving scheme Dewey Decimal Classification
Koha item type Books
Suppress in OPAC No
999 ## -
-- 683
-- 683
Holdings
Withdrawn status Lost status Source of classification or shelving scheme Damaged status Not for loan Collection Home library Current library Shelving location Date acquired Total Checkouts Full call number Barcode Date last seen Price effective from Koha item type
    Dewey Decimal Classification     Non-Fiction Footprints International School Library Network Toul Kork Campus Footprints International School Library Network Toul Kork Campus   02/17/2024   BEA 919.804 G670.F73 FISSE01269 06/29/2023 02/17/2024 Books